000 005820000a22002050004500
090 _aAR
_b03373
245 1 0 _aAdditions to the list of birds from Colombia
500 _a<Colección Aves>
650 1 4 _aOrnitología
_993189
650 1 4 _aAves
_992429
650 1 4 _aListas de aves
_996886
650 1 4 _aTaxonomía animal
_98245
650 1 4 _aDistribución geográfica
_992997
650 1 4 _aEcología
_992250
651 4 _pColombia
_992749
041 0 _aInglés
100 1 _aWallace, George J.
_993978
942 _cARTICULO
773 1 _tWilson Bulletin
_3139
_h3
_q325-326
_d1968
_g80
999 _c12424
_d12424